000 00361nam a2200157Ia 4500
008 230917s9999||||xx |||||||||||||| ||und||
040 _e77407
_aMAIN
041 _aEnglish
082 _a342 W119C
100 _aWade, E C S
245 0 _aConstitutional law
250 _a8th ed.
260 _aLondon
_bLongman
_c1970
300 _axxxv, 767 p.
942 _cBK
999 _c201330
_d201330